Đất và phân bón : Giáo trình Cao đẳng Sư phạm /

সংরক্ষণ করুন:
গ্রন্থ-পঞ্জীর বিবরন
প্রধান লেখক: Ngô Thị Đào, TS.
অন্যান্য লেখক: Vũ Hữu Yêm, GS.TS.
বিন্যাস: Sách giấy
ভাষা:Vietnamese
প্রকাশিত: H. : Đại học Sư phạm, 2007.
বিষয়গুলি:
ট্যাগগুলো: ট্যাগ যুক্ত করুন
কোনো ট্যাগ নেই, প্রথমজন হিসাবে ট্যাগ করুন!
Thư viện lưu trữ: Thư viện Trường Đại học Đà Lạt
LEADER 00866nam a2200325 4500
001 DLU100111005
005 ##20100825
040 # # |a DLU  |b vie 
041 # # |a vie 
044 # # |a vn 
082 # # |a 631.4  |b NG-D 
100 # # |a Ngô Thị Đào,  |c TS. 
245 # # |a Đất và phân bón :  |b Giáo trình Cao đẳng Sư phạm /  |c Ngô Thị Đào, Vũ Hữu Yêm. 
260 # # |a H. :  |b Đại học Sư phạm,  |c 2007. 
300 # # |a 418 tr. ;  |c 24 cm. 
504 # # |a Tài liệu tham khảo: tr. 416 
505 # # |a Phần A. Đất -- Phần B. Phân bón. 
653 # # |a Khoa học đất 
700 # # |a Vũ Hữu Yêm,  |c GS.TS. 
923 # # |a 06/2010 
991 # # |a GT 
992 # # |a 65000 
994 # # |a DLU 
900 # # |a True 
911 # # |a Đào Thị Thu Huyền 
925 # # |a G 
926 # # |a A 
927 # # |a SH 
980 # # |a Thư viện Trường Đại học Đà Lạt